000 00592cam a2200229 4500
008 090401t1995 xxu||||| |||| 00| 0 eng d
020 _a0582274680
035 _a(Sirsi) u58850
041 _aeng
050 _a690.026
245 _aBuilding law reports. - Volume 74.
260 _aHarlow, Essex
_bLongman
_c1995
300 _avi,153p. ; 23cm.
350 _a0
650 _aBUILDING INDUSTRY
650 _aBUILDING LAW REPORTS
650 _aLAW REPORTS
690 _aBUILDING AND CONSTRUCTION-CASE LAW
700 _aLLoyd, Humphrey
_xEditor
942 _n0
948 _c04/03/1997
999 _c94113
_d94113